Doña Isabel de Borbón, Infanta de España / (Record no. 112469)

MARC details
000 -LEADER
campo de control de longitud fija 00628nam a2200193 4500
001 - NÚMERO DE CONTROL
campo de control 112469
003 - IDENTIFICADOR DE NÚMERO DE CONTROL
campo de control ES-MaACL
005 - FECHA Y HORA DE LA ÚLTIMA TRANSACCIÓN
campo de control 20250803001737.0
007 - CAMPO FIJO DE DESCRIPCIÓN FÍSICA--INFORMACIÓN GENERAL
campo de control de longitud fija t|
008 - DATOS DE LONGITUD FIJA--INFORMACIÓN GENERAL
campo de control de longitud fija 061121s1943 sp r ||||1| spa d
080 ## - NÚMERO DE LA CLASIFICACIÓN DECIMAL UNIVERSAL
Número de la Clasificación Decimal Universal 929 Isabel de Borbón, Infanta
100 1# - ENTRADA PRINCIPAL--NOMBRE DE PERSONA
Nombre de persona Ortega Morejón, José María de.
9 (RLIN) 87474
245 10 - MENCIÓN DEL TÍTULO
Título Doña Isabel de Borbón, Infanta de España /
Mención de responsabilidad, etc. José Mª de Ortega Morejon.
260 ## - PUBLICACIÓN, DISTRIBUCIÓN, ETC.
Lugar de publicación, distribución, etc. Madrid :
Nombre del editor, distribuidor, etc. Aspa,
Fecha de publicación, distribución, etc. 1943.
300 ## - DESCRIPCIÓN FÍSICA
Extensión 223 p. ;
Dimensiones 22 cm.
600 14 - PUNTO DE ACCESO ADICIONAL DE MATERIA--NOMBRE DE PERSONA
Nombre de persona Borbón y Borbón, Isabel de,
Títulos y otros términos asociados al nombre Infanta de España,
Fechas asociadas al nombre 1851-1931
9 (RLIN) 144239
852 ## - LOCALIZACIÓN
Ubicación ES-MaACL
Número de control de estantería C-3335
Sublocalización o colección R.20391
Holdings
Estatus retirado Estado de pérdida Estado de daño No para préstamo Biblioteca de origen Biblioteca actual Ubicación en estantería Fecha de adquisición Fuente de adquisición Total de préstamos Signatura topográfica completa Código de barras Visto por última vez Precio de reemplazo Tipo de ítem Koha
        Biblioteca del Ateneo de Madrid Biblioteca del Ateneo de Madrid Sala Palomar 17/01/2008     C-3335 1117321 23/02/2023 23/02/2023 Libro impreso